| 000 | 00327nam a22001337a 4500 | ||
|---|---|---|---|
| 020 | _qPB. | ||
| 040 | _cFIZZA ISHAQ | ||
| 082 |
_a004.6 _bERI |
||
| 100 |
_aPAUL, RENAULT ERIC. _988352 |
||
| 245 |
_aMACHINE LEARNING FOR NETWORKING / _cERIC RENAULT PAUL. |
||
| 260 |
_bSPRINGER, _c2019. |
||
| 300 | _a388 P. ; | ||
| 942 |
_2ddc _cBK |
||
| 999 |
_c587589 _d587589 |
||